Peaches - Justin Bieber ft. GIVĒON & Daniel Caesar (Lyrics) - Statistics

General Stats
  • This quiz has been taken 313 times
  • The average score is 349 of 490
Answer Stats
Peaches % Correct
Chorus | Verse 3 I
100%
in
98%
my
98%
peaches
98%
Georgia
96%
go
96%
got
93%
that
93%
shit
92%
Oh
90%
oh
90%
California
89%
yeah
89%
Yeah
89%
the
87%
The
87%
we
87%
from
86%
out
85%
That's
85%
that's
85%
get
83%
weed
81%
it
78%
no
77%
to
77%
you
77%
Verse 2 You
77%
so
76%
up
71%
bitch
68%
North
68%
your
67%
Your
67%
Verse 1 And
66%
took
64%
when
62%
me
60%
right
58%
source
58%
of
57%
way
57%
Badass
56%
be
54%
skin
53%
chick
52%
It's
49%
texture
49%
life
48%
wanna
48%
her
47%
like
47%
Never
47%
for
46%
I'll
46%
let
46%
All
45%
all
45%
arms
44%
breathe
44%
baby
43%
lift
43%
around
42%
I'm
42%
light
42%
nothing
42%
touch
42%
here
41%
say
41%
time
41%
can
40%
wrap
40%
There's
39%
ya
39%
with
38%
is
37%
But
36%
end
33%
sure
32%
give
31%
more
31%
til'
31%
want
31%
ain't
30%
as
30%
wish
30%
girl
29%
where
28%
whole
28%
you're
28%
can't
26%
left
26%
Left
26%
Nights
26%
hold
25%
leave
24%
alone
23%
bein'
23%
I've
23%
souvenirs
23%
Hate
22%
know
22%
yours
22%
been
21%
days
21%
Hand
21%
hand
21%
just
21%
make
21%
need
20%
because
19%
feeling
19%
yet
19%
call
18%
ignore
18%
mine
18%
Remember
18%
torture
18%
couldn't
17%
Don't
16%
miss
16%
pretend
16%
baggage
15%
save
15%
think
15%
Mallorca
13%
one
13%
distracted
11%
sweetest
10%
taste
10%
kisses
9%
Done
6%
Rimowa
6%
No matching quizzes found
Score Distribution
Percent of People with Each Score
Percentile by Number Answered
Your Score History
You have not taken this quiz